Top 122 beliebtesten Vornamen der 1940er - Statistiken

Allgemein
  • Dieses Quiz wurde 36 mal gespielt
  • Das Durchschnittsergebnis liegt bei 84 aus 122
Antwortstatistiken
📍 Vorname % Korrekt
Ad..f ♂️ Adolf
100%
A.n ♀️ Ann
93%
D.v.d ♂️ David
90%
A.g.l..a ♀️ Angelika
87%
An..m.r.e ♀️ Annemarie
87%
B..g.t ♀️ Birgit
87%
B..g.t.e ♀️ Brigitte
87%
Ge.d ♂️ Gerd
87%
Jö.g ♂️ Jörg
87%
B..b..a ♀️ Barbara
83%
B.r.h..d ♂️ Bernhard
83%
D..t.r ♂️ Dieter
83%
El.s.b..h ♀️ Elisabeth
83%
G.o.g ♂️ Georg
83%
H.i.z ♂️ Heinz
83%
I.g..d ♀️ Ingrid
83%
Ka.l ♂️ Karl
83%
M.r.a ♀️ Maria
83%
P.t.r ♂️ Peter
83%
U.o ♂️ Udo
83%
U.s..a ♀️ Ursula
83%
W.l.g..g ♂️ Wolfgang
83%
An..g..t ♀️ Annegret
80%
B.r.d ♂️ Bernd
80%
Ha.s ♂️ Hans
80%
Je.n ♀️ Jean
80%
Ma.y ♀️ Mary
80%
P.t.a ♀️ Petra
80%
Ra.f ♂️ Ralf
80%
T..m.s ♂️ Thomas
80%
W..t.r ♂️ Walter
80%
D..l.v ♂️ Detlev
77%
G.s..a ♀️ Gisela
77%
G..t..r ♂️ Günther
77%
H.n..l..e ♀️ Hannelore
77%
H..d.g..d ♀️ Hildegard
77%
In.e ♀️ Inge
77%
Je.s ♂️ Jens
77%
Jo.n ♂️ John
77%
J.t.a ♀️ Jutta
77%
K.r.n ♀️ Karin
77%
M..f..d ♂️ Manfred
77%
Ro.f ♂️ Rolf
77%
R.d..f ♂️ Rudolf
77%
U.e ♀️ Ute
77%
W.l.i.m ♂️ William
77%
Er..a ♀️ Erika
73%
E.a ♀️ Eva
73%
F.a.k ♂️ Frank
73%
G.b..e.e ♀️ Gabriele
73%
G..h..d ♂️ Gerhard
73%
G.t.f.i.d ♂️ Gottfried
73%
H.i.r..h ♂️ Heinrich
73%
J.m.s ♂️ James
73%
R..n.r ♂️ Rainer
73%
U.e ♂️ Uwe
73%
W..n.r ♂️ Werner
73%
W..f.i.d ♂️ Wilfried
73%
D.r.s ♀️ Doris
70%
Ed..h ♀️ Edith
70%
G.r.a ♀️ Gerda
70%
H..b..t ♂️ Herbert
70%
I.g.b..g ♀️ Ingeborg
70%
J..g.n ♂️ Jürgen
70%
M.r.a ♀️ Marga
70%
M..g.r.t ♀️ Margaret
70%
M.c.a.l ♂️ Michael
70%
R.b..t ♂️ Robert
70%
R.s.m.r.e ♀️ Rosemarie
70%
S.s.n ♀️ Susan
70%
B..b.l ♀️ Bärbel
67%
H..m..n ♂️ Hermann
67%
Il.e ♀️ Ilse
67%
L.t..r ♂️ Lothar
67%
N..b..t ♂️ Norbert
67%
R.d.g.r ♂️ Rüdiger
67%
S.b..e ♀️ Sabine
67%
S.e.f.i.d ♂️ Siegfried
67%
U.r..h ♂️ Ulrich
67%
V..k.r ♂️ Volker
67%
W..t.a.d ♀️ Waltraud
67%
C.r..t..e ♀️ Christine
63%
H.i.e ♀️ Heide
63%
K.a.s ♂️ Klaus
63%
Ku.t ♂️ Kurt
63%
M.r.a..e ♀️ Marianne
63%
P.t..c.a ♀️ Patricia
63%
S.g..d ♀️ Sigrid
63%
C.r.s.a ♀️ Christa
60%
C.r..t.l ♀️ Christel
60%
G.d..n ♀️ Gudrun
60%
H.r..d ♂️ Harald
60%
H..d.m.r.e ♀️ Heidemarie
60%
H..m.t ♂️ Helmut
60%
In.o ♂️ Ingo
60%
J.a.h.m ♂️ Joachim
60%
R.n..e ♀️ Renate
60%
Al.n ♂️ Alan
57%
A.t.o.y ♂️ Anthony
57%
H.i.i ♀️ Heidi
57%
H.b..t ♂️ Hubert
57%
I..g..d ♀️ Irmgard
57%
R.i.h.r.t ♂️ Reinhardt
57%
Ri.a ♀️ Rita
57%
An.e ♀️ Anke
53%
D..m.r ♀️ Dagmar
53%
H..g.r ♂️ Holger
53%
M.n..a ♀️ Monika
53%
El.e ♀️ Elke
50%
H.r.m.t ♂️ Hartmut
50%
H..d..n ♀️ Heidrun
50%
H.r.t ♂️ Horst
50%
M..l..s ♀️ Marlies
50%
E.n.t ♂️ Ernst
47%
M..g..t ♀️ Margrit
47%
M.r..n ♀️ Marion
47%
H.i.e ♀️ Heike
40%
H.l.a ♀️ Helga
40%
J.n.t ♀️ Janet
40%
M..r..n ♀️ Maureen
37%
B.i.n ♂️ Brian
27%
A.t.e ♀️ Antje
23%
Keine übereinstimmenden Quizze gefunden
Verteilung der Resultate
Anzahl Personen mit jedem Resultat
Perzentil nach korrekt beantworteten Fragen
Ihre Resultats-Entwicklung
Sie haben dieses Quiz noch nicht gespielt